Campeões do Novo Basquete Brasil (NBB) - Statistics

Estatísticas Gerais
  • Esse quiz foi jogado 115 vezes
  • A pontuação média é 10 de 11
Estatísticas das Respostas
Edições Equipe % Correto
2008-09 Flamengo
100%
2012-13 Flamengo
100%
2013-14 Flamengo
100%
2014-15 Flamengo
100%
2015-16 Flamengo
100%
2018-19 Flamengo
100%
2016-17 Bauru
75%
2009-10 Brasília
75%
2010-11 Brasília
75%
2011-12 Brasília
75%
2017-18 Paulistano
64%
Nenhum quiz correspondente encontrado
Distribuição das Pontuações
Porcentagem de Pessoas com Cada Pontuação
Percentil de Números Respondidos
Sua Pontuação Histórica
Você não jogou esse quiz